Land vs. Land #92 - Statistiken

Allgemein
  • Dieses Quiz wurde 15 mal gespielt
  • Das Durchschnittsergebnis liegt bei 10 aus 14
Antwortstatistiken
Frage Antwort % Korrekt
...Fläche? Kuba🇨🇺
100%
...Einwohner? Kuba🇨🇺
100%
...Bruttoinlandsprodukt pro Kopf? Zypern🇨🇾
93%
...Militär? Kuba🇨🇺
86%
...HDI (Human Development Index)? Zypern🇨🇾
86%
...Gesundheitswesen? Zypern🇨🇾
86%
...Lebenserwartung? Zypern🇨🇾
86%
...durchschnittlicher IQ? Zypern🇨🇾
79%
...Gewinner? Zypern🇨🇾
64%
...Happy Planet Index? Zypern🇨🇾
50%
...Bruttoinlandsprodukt? Zypern🇨🇾
43%
...Tourismus? Zypern🇨🇾
43%
...Frieden? Zypern🇨🇾
43%
...Exportmengen? Zypern🇨🇾
7%
Keine übereinstimmenden Quizze gefunden
Verteilung der Resultate
Anzahl Personen mit jedem Resultat
Perzentil nach korrekt beantworteten Fragen
Ihre Resultats-Entwicklung
Sie haben dieses Quiz noch nicht gespielt